书目信息 |
| 题名: |
依偎那一束花香
|
|
| 作者: | 矫友田 著 | |
| 分册: | ||
| 出版信息: | 北京 金城岀版社 2005.05 |
|
| 页数: | 237页 | |
| 开本: | 23cm | |
| 丛书名: | ||
| 单 册: | ||
| 中图分类: | B821-49 | |
| 科图分类: | ||
| 主题词: | 人生哲学--ren sheng zhe xue--青年读物 | |
| 电子资源: | ||
| ISBN: | 7-80084-686-5 | |
| 000 | 00760nam0 2200229 450 | |
| 001 | 012008312479 | |
| 005 | 20080317155547.00 | |
| 010 | @a7-80084-686-5@dCNY19.80 | |
| 100 | @a20080317d2005 km y0chiy0120 ea | |
| 101 | 0 | @achi |
| 102 | @aCN@b110000 | |
| 105 | @ay z 000yy | |
| 106 | @ar | |
| 200 | 1 | @a依偎那一束花香@Ayi wei na yi shu hua xiang@f矫友田著@Fjiao you tian zhu |
| 210 | @a北京@c金城岀版社@d2005.05 | |
| 215 | @a237页@d23cm | |
| 330 | @a本书是适合青年人阅读的通俗读物,它有80多篇短小精悍的哲理故事组成,告诉人们生活中的哲理,文字清新优美,值得回味。 | |
| 606 | 0 | @a人生哲学@Aren sheng zhe xue@j青年读物 |
| 690 | @aB821-49@v4 | |
| 701 | 0 | @a矫友田@Ajiao you tian@4著 |
| 801 | 0 | @aCN@bQSSK@c20080317 |
| 905 | @b20286776-78@dB821-49@eJ678@f3 | |
| 依偎那一束花香/矫友田著.-北京:金城岀版社,2005.05 |
| 237页;23cm |
| ISBN 7-80084-686-5:CNY19.80 |
| 本书是适合青年人阅读的通俗读物,它有80多篇短小精悍的哲理故事组成,告诉人们生活中的哲理,文字清新优美,值得回味。 |
| ● |
| 相关链接 |
|
|
|
正题名:依偎那一束花香
索取号:B821-49/J678
 
预约/预借
| 序号 | 登录号 | 条形码 | 馆藏地/架位号 | 状态 | 备注 |
| 1 | 286776 | 202867763 | 社科库509/509社科库 25排2列4层/ [索取号:B821-49/J678] | 在馆 | |
| 2 | 286777 | 202867772 | 社科库509/509社科库 25排2列4层/ [索取号:B821-49/J678] | 在馆 | |
| 3 | 286778 | 202867781 | 社科库509/509社科库 25排2列4层/ [索取号:B821-49/J678] | 在馆 |